| 000 | 00686cam a22002413a 4500 | ||
|---|---|---|---|
| 001 | 255 | ||
| 003 | PGUSA | ||
| 005 | 20140828082945.0 | ||
| 008 | 950401s1995||||xxu|||||s|||||000 | eng d | ||
| 040 |
_aPGUSA _beng |
||
| 042 | _adc | ||
| 050 | 4 | _aZ | |
| 100 | 1 | _aScavezze, Dan | |
| 245 | 1 | 0 |
_aQREAD, Etext Reader for Windows _h[electronic resource] / _cDan Scavezze |
| 260 |
_bProject Gutenberg, _c1995 |
||
| 500 | _aProgram | ||
| 506 | _aCopyrighted. Read the copyright notice inside this book for details. | ||
| 516 | _aElectronic text | ||
| 653 | _aElectronic book readers | ||
| 830 | 0 |
_aProject Gutenberg _v255 |
|
| 856 | 4 | 0 | _uhttp://www.gutenberg.org/ebooks/255 |
| 942 | _cEB | ||
| 999 |
_c229608 _d229608 |
||